[Event "ARCTIC CHESS CHALLENGE 2010"]
[Site "SCANDIC TROMSØ"]
[Date "2010.07.31"]
[Round "1"]
[White "Savola, Laura"]
[Black "Abbasov, Farid"]
[Result "0-1"]
[WhiteElo "2107"]
[BlackElo "2549"]
[PlyCount "56"]
[EventDate "2010.??.??"]

1. d4 Nf6 2. Nf3 g6 3. Bg5 Bg7 4. Nbd2 d5 5. e3 O-O 6. Bd3 c5 7. c3 Qb6 8. Qb1
Nc6 9. O-O Re8 10. Rd1 e5 11. dxe5 Ng4 12. Bf6 Nxf6 13. exf6 Bxf6 14. e4 d4 15.
cxd4 Nxd4 16. Nxd4 Bxd4 17. Nc4 Qf6 18. Qc2 Bg4 19. Re1 Rad8 20. Ne3 Be6 21.
Nc4 Qxf2+ 22. Qxf2 Bxf2+ 23. Kxf2 Rxd3 24. Rac1 b5 25. Ne5 Rd2+ 26. Ke3 Rxg2
27. Rxc5 Rxb2 28. h4 h5 0-1

[Event "ARCTIC CHESS CHALLENGE 2010"]
[Site "SCANDIC TROMSØ"]
[Date "2010.07.31"]
[Round "1"]
[White "Turner, Matthew J"]
[Black "Andreassen, Arnold"]
[Result "1-0"]
[WhiteElo "2506"]
[BlackElo "2094"]
[PlyCount "63"]
[EventDate "2010.??.??"]

1. c4 Nf6 2. g3 g6 3. Bg2 d5 4. cxd5 Nxd5 5. Nc3 Nb6 6. h4 h5 7. d3 Bg7 8. Bg5
Nc6 9. Nf3 O-O 10. Qd2 Be6 11. Bh6 a5 12. O-O Qc8 13. Rfe1 Nb4 14. a3 N4d5 15.
Bxg7 Kxg7 16. Ng5 Rd8 17. Rac1 c6 18. Nxe6+ Qxe6 19. Ne4 Nd7 20. Qc2 Ra6 21.
Ng5 Qe5 22. e4 N5f6 23. Qc4 e6 24. d4 Qb8 25. Rcd1 b5 26. Qb3 Nb6 27. Qc3 Nc4
28. b3 Nxa3 29. Qc5 b4 30. Qe7 Ra7 31. Nxe6+ Kh6 32. Qxd8 1-0

[Event "ARCTIC CHESS CHALLENGE 2010"]
[Site "SCANDIC TROMSØ"]
[Date "2010.07.31"]
[Round "1"]
[White "Azarov, Sergei"]
[Black "Flermoen, Peter"]
[Result "1-0"]
[WhiteElo "2600"]
[BlackElo "2144"]
[PlyCount "79"]
[EventDate "2010.??.??"]

1. e4 e5 2. Nf3 Nc6 3. Bb5 Nf6 4. O-O Nxe4 5. d4 Nd6 6. Bxc6 dxc6 7. dxe5 Nf5
8. Qxd8+ Kxd8 9. Nc3 Ke8 10. h3 Bb4 11. Ne2 b6 12. Nf4 Be7 13. Re1 g6 14. Bd2
Ng7 15. e6 Nxe6 16. Bc3 Rf8 17. Be5 c5 18. Nd5 Bb7 19. c4 Rd8 20. Nf6+ Bxf6 21.
Bxf6 Rd6 22. Ne5 Rg8 23. Re3 Rd4 24. Ng4 Rxc4 25. Rd1 Kf8 26. Rxe6 fxe6 27.
Rd8+ Kf7 28. Rd7+ Ke8 29. Ne5 Rd4 30. Re7+ Kf8 31. Rxc7 Ba6 32. Rf7+ Ke8 33.
Rxa7 Bc8 34. Re7+ Kf8 35. Rc7 Ba6 36. a4 Rf4 37. Rf7+ Ke8 38. Re7+ Kd8 39. Nc6+
Kc8 40. Be5 1-0

[Event "ARCTIC CHESS CHALLENGE 2010"]
[Site "SCANDIC TROMSØ"]
[Date "2010.07.31"]
[Round "1"]
[White "Carlsen, Henrik"]
[Black "Babujian, Levon"]
[Result "0-1"]
[WhiteElo "2085"]
[BlackElo "2485"]
[PlyCount "88"]
[EventDate "2010.??.??"]

1. e4 c5 2. Nf3 d6 3. d4 cxd4 4. Nxd4 a6 5. Nc3 e6 6. Be3 Nc6 7. Bc4 Nf6 8. O-O
Be7 9. Bb3 O-O 10. f4 Qc7 11. Kh1 b5 12. e5 dxe5 13. Nxc6 Qxc6 14. fxe5 Bb7 15.
Qe2 Ne4 16. Nxe4 Qxe4 17. Qf3 Qxf3 18. gxf3 Rfd8 19. Kg1 Rac8 20. f4 Be4 21.
Rac1 h6 22. Rfd1 g5 23. fxg5 hxg5 24. Kf2 Kh7 25. c3 Kg6 26. Kg3 Bf5 27. Bb6
Rh8 28. Bc2 Rh3+ 29. Kg2 Rch8 30. Bxf5+ exf5 31. Bg1 g4 32. Rd7 Bg5 33. Rcd1
Bf4 34. R1d6+ Kg5 35. Rxf7 Rxh2+ 36. Bxh2 Rxh2+ 37. Kf1 Bxe5 38. Rxa6 Rxb2 39.
Rc6 g3 40. Rc5 Kf4 41. a4 g2+ 42. Kg1 bxa4 43. Rc4+ Kg3 44. Rb4 Rxb4 0-1

[Event "ARCTIC CHESS CHALLENGE 2010"]
[Site "SCANDIC TROMSØ"]
[Date "2010.07.31"]
[Round "1"]
[White "Tjiam, Dharma"]
[Black "Barr, Steven G"]
[Result "1-0"]
[WhiteElo "2385"]
[BlackElo "1893"]
[PlyCount "75"]
[EventDate "2010.??.??"]

1. d4 d5 2. c4 e6 3. Nc3 Nf6 4. cxd5 exd5 5. Bg5 Be7 6. e3 c6 7. Bd3 Nbd7 8.
Qc2 Nf8 9. Nf3 Ne6 10. Bh4 g6 11. O-O Ng7 12. Bxf6 Bxf6 13. b4 a6 14. a4 O-O
15. h3 Ne6 16. Rab1 Qd6 17. Ne2 Bd7 18. Rfc1 Rfe8 19. b5 axb5 20. axb5 Ra3 21.
bxc6 bxc6 22. Rb6 Rea8 23. Nc3 Bd8 24. Rb3 Rxb3 25. Qxb3 Ra3 26. Qb2 Be7 27.
Bf1 f5 28. Ne5 f4 29. Qb7 Be8 30. Qc8 Kf8 31. exf4 Nxd4 32. Ne2 Nxe2+ 33. Bxe2
Qb4 34. Nxc6 Qd2 35. Nxe7 Qxe2 36. Nxd5 Ra2 37. Qc5+ Kf7 38. Nc3 1-0

[Event "ARCTIC CHESS CHALLENGE 2010"]
[Site "SCANDIC TROMSØ"]
[Date "2010.07.31"]
[Round "1"]
[White "Bartel, Mateusz"]
[Black "Marzano, Carlo"]
[Result "1/2-1/2"]
[WhiteElo "2613"]
[BlackElo "2159"]
[PlyCount "87"]
[EventDate "2010.??.??"]

1. e4 Nc6 2. Nf3 f5 3. exf5 d5 4. Bb5 Bxf5 5. Ne5 Qd6 6. d4 Nf6 7. O-O Nd7 8.
Nc3 e6 9. Qh5+ g6 10. Qe2 Ncxe5 11. dxe5 Qb4 12. a3 Qh4 13. Bxd7+ Kxd7 14. g3
Qc4 15. Qxc4 dxc4 16. Rd1+ Kc8 17. Rd4 Bxc2 18. Rxc4 Bb3 19. Rf4 Bg7 20. Rf7
Bxe5 21. Bf4 Bxf4 22. gxf4 Rd8 23. Rxh7 Rd7 24. Rh8+ Rd8 25. Rh3 Bc2 26. Nb5 c6
27. Rc1 Bf5 28. Rh7 Rd7 29. Rh6 a6 30. Rh8+ Rd8 31. Rxd8+ Kxd8 32. Nd6 Kc7 33.
Nf7 Rf8 34. Ne5 Rd8 35. Kg2 Rd2 36. b4 Rd5 37. Rc3 a5 38. Rg3 axb4 39. axb4 Rd4
40. Nxg6 Rxb4 41. h4 Be4+ 42. Kh3 Bf5+ 43. Kh2 Rb2 44. Kg1 1/2-1/2

[Event "ARCTIC CHESS CHALLENGE 2010"]
[Site "SCANDIC TROMSØ"]
[Date "2010.07.31"]
[Round "1"]
[White "Sahl, Sheila Barth"]
[Black "Berg, Emanuel"]
[Result "0-1"]
[WhiteElo "2156"]
[BlackElo "2612"]
[PlyCount "68"]
[EventDate "2010.??.??"]

1. e4 e6 2. d4 d5 3. Nc3 Bb4 4. Nge2 Nc6 5. a3 Ba5 6. Be3 Nge7 7. Qd3 O-O 8. g3
e5 9. Bg2 exd4 10. Bxd4 Nxd4 11. Qxd4 dxe4 12. Qxe4 c6 13. b4 Bb6 14. Rd1 Qc7
15. Na4 Bf5 16. Qc4 Qe5 17. Nc5 Bxc5 18. bxc5 Nd5 19. O-O Rae8 20. Nd4 Bc8 21.
Nb5 Be6 22. Nd6 Nc3 23. Qb4 Nxd1 24. Nxe8 Nxf2 25. Nd6 Nh3+ 26. Kh1 Qe3 27. Ne4
Bd5 28. Re1 Nf2+ 29. Kg1 Nh3+ 30. Kh1 Qh6 31. Qd4 Ng5 32. Qd2 Nxe4 33. Qxh6
gxh6 34. Bxe4 Re8 0-1

[Event "ARCTIC CHESS CHALLENGE 2010"]
[Site "SCANDIC TROMSØ"]
[Date "2010.07.31"]
[Round "1"]
[White "Gullaksen, Eirik"]
[Black "Botheim, Tor"]
[Result "1/2-1/2"]
[WhiteElo "2395"]
[BlackElo "1929"]
[PlyCount "111"]
[EventDate "2010.??.??"]

1. e4 e5 2. Nf3 Nc6 3. Bb5 a6 4. Ba4 Nf6 5. Qe2 b5 6. Bb3 Bc5 7. d3 O-O 8. Bg5
d6 9. c3 Be6 10. Nbd2 Bb6 11. O-O h6 12. Bh4 Qe7 13. Rfe1 Bxb3 14. axb3 Nb8 15.
b4 Qe6 16. d4 c6 17. Bg3 Nbd7 18. Ra3 Rfe8 19. dxe5 dxe5 20. Rea1 c5 21. Rxa6
Rxa6 22. Rxa6 cxb4 23. Qxb5 bxc3 24. bxc3 Rb8 25. Qe2 Nc5 26. Ra1 Bc7 27. Ne1
Nb3 28. Rb1 Kh7 29. Rxb3 Rxb3 30. Nxb3 Qxb3 31. Qd3 Nh5 32. h3 Nxg3 33. fxg3
Ba5 34. Nf3 Qxc3 35. Qd5 f6 36. Kh2 Qc7 37. Nh4 g6 38. Qe6 Kg7 39. Qg4 Qf7 40.
Nf5+ Kh7 41. Ne3 Bc3 42. Nd5 Bd4 43. Qf3 f5 44. g4 f4 45. h4 Kg7 46. Qb3 Qa7
47. g5 hxg5 48. hxg5 Bg1+ 49. Kh3 Qd7+ 50. g4 Qc8 51. Kg2 Qxg4+ 52. Kf1 Qxg5
53. Qb7+ Kh6 54. Qc8 Kg7 55. Qd7+ Kh6 56. Qh3+ 1/2-1/2

[Event "ARCTIC CHESS CHALLENGE 2010"]
[Site "SCANDIC TROMSØ"]
[Date "2010.07.31"]
[Round "1"]
[White "Brasøy, Aksel"]
[Black "Moor, Olivier"]
[Result "0-1"]
[WhiteElo "2011"]
[BlackElo "2432"]
[PlyCount "76"]
[EventDate "2010.??.??"]

1. d4 Nf6 2. c4 e6 3. Nf3 b6 4. e3 Bb7 5. Bd3 d5 6. O-O Nbd7 7. b3 a6 8. Bb2
Bd6 9. Nbd2 Ne4 10. Qe2 O-O 11. Rac1 Qe7 12. cxd5 exd5 13. Rfd1 Rfe8 14. Nf1 f5
15. Ng3 g6 16. Qf1 h5 17. Ne2 Ng5 18. Nxg5 Qxg5 19. g3 h4 20. Qh3 Kf7 21. Qxh4
Qxh4 22. gxh4 Rh8 23. Ng3 Rxh4 24. Bf1 Rah8 25. h3 Ke6 26. Ne2 g5 27. Bg2 R8h7
28. Kf1 R4h6 29. Rc2 Nf8 30. Ng1 g4 31. hxg4 fxg4 32. Ne2 Ng6 33. Bc1 a5 34. e4
Rh1+ 35. Bxh1 Rxh1+ 36. Ng1 Ba6+ 37. Re2 dxe4 38. d5+ Kf5 0-1

[Event "ARCTIC CHESS CHALLENGE 2010"]
[Site "SCANDIC TROMSØ"]
[Date "2010.07.31"]
[Round "1"]
[White "Buchkremer, Felix"]
[Black "Bykhovsky, Anatoly"]
[Result "0-1"]
[WhiteElo "2090"]
[BlackElo "2487"]
[PlyCount "84"]
[EventDate "2010.??.??"]

1. e4 c5 2. c3 Nf6 3. e5 Nd5 4. Bc4 Nb6 5. Bb3 d5 6. exd6 Qxd6 7. Nf3 Nc6 8.
Na3 Be6 9. d4 cxd4 10. Nb5 Qd7 11. Bxe6 Qxe6+ 12. Be3 Qd7 13. Nbxd4 Nxd4 14.
Qxd4 Qxd4 15. Bxd4 f6 16. O-O-O e5 17. Rhe1 Be7 18. Bxb6 axb6 19. a3 Rd8 20.
Rxd8+ Kxd8 21. Rd1+ Kc7 22. Ne1 Bc5 23. Nd3 Bd6 24. Nb4 e4 25. h3 f5 26. Kd2
Bxb4 27. axb4 Rd8+ 28. Ke2 Rxd1 29. Kxd1 Kd6 30. Ke2 g5 31. Ke3 Kd5 32. b3 Ke5
33. g3 f4+ 34. Ke2 b5 35. Kd2 e3+ 36. Ke2 exf2 37. Kxf2 h5 38. gxf4+ Kxf4 39.
c4 Ke4 40. cxb5 b6 41. Kg3 Ke3 42. Kg2 h4 0-1

[Event "ARCTIC CHESS CHALLENGE 2010"]
[Site "SCANDIC TROMSØ"]
[Date "2010.07.31"]
[Round "1"]
[White "Røyset, Pål"]
[Black "Burmakin, Vladimir"]
[Result "0-1"]
[WhiteElo "2152"]
[BlackElo "2605"]
[PlyCount "76"]
[EventDate "2010.??.??"]

1. e4 c6 2. d4 d5 3. exd5 cxd5 4. Bd3 Nc6 5. c3 g6 6. Nf3 Bg7 7. O-O Nf6 8. Re1
O-O 9. h3 Bf5 10. Bf4 Bxd3 11. Qxd3 Qb6 12. Na3 Rfc8 13. Nc2 e6 14. Rab1 a5 15.
Ne5 Nxe5 16. Bxe5 Qc6 17. Na3 Ne4 18. Bxg7 Kxg7 19. Re2 Rab8 20. Nb5 Qc4 21.
Qxc4 Rxc4 22. f3 Ng3 23. Re5 h5 24. Kf2 h4 25. Rbe1 Rc6 26. a4 Rd8 27. Rb1 Rc4
28. Ra1 Rc6 29. Rb1 Kf6 30. Ree1 Kf5 31. Re5+ Kf4 32. Rbe1 Nf5 33. b3 Rdc8 34.
c4 Rb6 35. cxd5 Rc2+ 36. R1e2 Rxe2+ 37. Kxe2 Nxd4+ 38. Nxd4 Kxe5 0-1

[Event "ARCTIC CHESS CHALLENGE 2010"]
[Site "SCANDIC TROMSØ"]
[Date "2010.07.31"]
[Round "1"]
[White "Caspi, Israel"]
[Black "Taylor-Bowd, Philip J"]
[Result "1-0"]
[WhiteElo "2454"]
[BlackElo "2046"]
[PlyCount "47"]
[EventDate "2010.??.??"]

1. e4 d6 2. d4 Nf6 3. Nc3 e5 4. Nf3 Nbd7 5. Bc4 Be7 6. O-O O-O 7. Re1 c6 8. a4
b6 9. Ba2 a6 10. h3 Rb8 11. Be3 b5 12. axb5 axb5 13. b4 h6 14. Bb3 Re8 15. Ra7
Bf8 16. Qa1 Rb7 17. Qa2 Qe7 18. Ra8 c5 19. dxc5 dxc5 20. Nd5 Nxd5 21. Bxd5 Rc7
22. Qa5 Qd6 23. Rd1 Qb6 24. Bxf7+ 1-0

[Event "ARCTIC CHESS CHALLENGE 2010"]
[Site "SCANDIC TROMSØ"]
[Date "2010.07.31"]
[Round "1"]
[White "Goetzee, Rick"]
[Black "Collins, Sam E"]
[Result "0-1"]
[WhiteElo "1953"]
[BlackElo "2408"]
[PlyCount "86"]
[EventDate "2010.??.??"]

1. d4 d5 2. c4 e6 3. Nc3 c5 4. cxd5 exd5 5. Nf3 Nc6 6. g3 Nf6 7. Bg2 Be7 8. O-O
O-O 9. b3 Ne4 10. Bb2 Bf6 11. e3 Bg4 12. Na4 cxd4 13. Bxd4 Nxd4 14. exd4 b5 15.
Nb2 Qb6 16. Qd3 Bxf3 17. Bxf3 Bxd4 18. Bxe4 dxe4 19. Qe2 e3 20. f3 Bxb2 21.
Qxb2 Rad8 22. Rae1 Rfe8 23. Kh1 h5 24. Re2 Rd3 25. Rfe1 Qd6 26. Kg2 Re5 27. Rc2
Rd2+ 28. Re2 Rxe2+ 29. Rxe2 Qd1 30. g4 Rd5 31. Kg3 Qd3 32. Qc2 Qd4 33. Qc8+ Rd8
34. Qf5 Qd6+ 35. Kg2 Qd1 36. Qxb5 Rd2 37. Qe8+ Kh7 38. Qe4+ g6 39. Rxd2 Qxd2+
40. Kh3 hxg4+ 41. fxg4 e2 42. Qe7 Qc3+ 43. Kg2 e1=Q 0-1

[Event "ARCTIC CHESS CHALLENGE 2010"]
[Site "SCANDIC TROMSØ"]
[Date "2010.07.31"]
[Round "1"]
[White "De Haan, Eric"]
[Black "Salvesen, Bjørn"]
[Result "1-0"]
[WhiteElo "2345"]
[BlackElo "1791"]
[PlyCount "73"]
[EventDate "2010.??.??"]

1. d4 f5 2. g3 Nf6 3. Bg2 e6 4. c4 Be7 5. Nf3 O-O 6. O-O d5 7. b3 Nbd7 8. Ng5
Nb8 9. Bb2 Bd7 10. Nd2 c6 11. Nh3 Ng4 12. Nf4 Na6 13. e3 g5 14. Nd3 Be8 15. a3
Bh5 16. Qc2 Nc7 17. Rae1 Nf6 18. f3 g4 19. fxg4 Bxg4 20. Nf4 Ne4 21. h3 Bxh3
22. Bxh3 Nxg3 23. Rf2 Bh4 24. Nf3 Kh8 25. Rg2 Rg8 26. Kh2 Qf6 27. Nxh4 Qxh4 28.
Qf2 Rg4 29. Rxg3 Rag8 30. Reg1 R8g5 31. R1g2 Ne8 32. Rxg4 Rxg4 33. Qxh4 Rxh4
34. Nxe6 Nf6 35. Nd8 Ng4+ 36. Kg3 Rh6 37. Nf7+ 1-0

[Event "ARCTIC CHESS CHALLENGE 2010"]
[Site "SCANDIC TROMSØ"]
[Date "2010.07.31"]
[Round "1"]
[White "Devereaux, Maxim L"]
[Black "Spiegelhauer, Tilmann"]
[Result "1-0"]
[WhiteElo "2380"]
[BlackElo "1879"]
[PlyCount "33"]
[EventDate "2010.??.??"]

1. d4 d5 2. Nf3 Nf6 3. c4 e6 4. g3 c6 5. Bg2 Bd6 6. Nbd2 Nbd7 7. O-O O-O 8. Qc2
e5 9. dxe5 Nxe5 10. Nxe5 Bxe5 11. Nf3 Bd6 12. Rd1 Qe7 13. cxd5 Nxd5 14. Bg5 Nf6
15. Nd4 h6 16. Nxc6 bxc6 17. Bxf6 1-0

[Event "ARCTIC CHESS CHALLENGE 2010"]
[Site "SCANDIC TROMSØ"]
[Date "2010.07.31"]
[Round "1"]
[White "Kvisla, Johannes Luangtep"]
[Black "Drozdovskij, Yuri"]
[Result "0-1"]
[WhiteElo "2163"]
[BlackElo "2624"]
[PlyCount "48"]
[EventDate "2010.??.??"]

1. e4 e6 2. b3 d5 3. Bb2 Nf6 4. e5 Nfd7 5. c4 Nb6 6. Nf3 c5 7. d3 Nc6 8. cxd5
exd5 9. d4 cxd4 10. Nxd4 Bb4+ 11. Nd2 Nxe5 12. Bb5+ Bd7 13. O-O O-O 14. Re1 Re8
15. f4 Ng4 16. Rxe8+ Qxe8 17. Nf1 Nf6 18. Nf5 Bc5+ 19. Kh1 Ne4 20. Bd4 Bxb5 21.
Nxg7 Bxd4 22. Qxd4 Qc6 23. Nh5 Qc3 24. Nf6+ Kh8 0-1

[Event "ARCTIC CHESS CHALLENGE 2010"]
[Site "SCANDIC TROMSØ"]
[Date "2010.07.31"]
[Round "1"]
[White "Leite, Steinar"]
[Black "Dworakowska, Joanna"]
[Result "0-1"]
[WhiteElo "1714"]
[BlackElo "2338"]
[PlyCount "50"]
[EventDate "2010.??.??"]

1. e4 g6 2. Nf3 Bg7 3. Bc4 c5 4. O-O e6 5. Re1 Nc6 6. e5 g5 7. Bb5 g4 8. Bxc6
bxc6 9. Nd4 cxd4 10. Qxg4 Bf8 11. Qxd4 f5 12. d3 Nh6 13. Nd2 c5 14. Qf4 Bb7 15.
Nc4 Rg8 16. f3 Nf7 17. Nd6+ Nxd6 18. exd6 Qb6 19. Qxf5 O-O-O 20. Qh5 Bxd6 21.
a4 Rdf8 22. a5 Qd8 23. Kf2 Rf5 24. Qh3 Qf6 25. Ke2 Rxg2+ 0-1

[Event "ARCTIC CHESS CHALLENGE 2010"]
[Site "SCANDIC TROMSØ"]
[Date "2010.07.31"]
[Round "1"]
[White "Elsness, Frode"]
[Black "Hagen, Anders G"]
[Result "1-0"]
[WhiteElo "2485"]
[BlackElo "2085"]
[PlyCount "97"]
[EventDate "2010.??.??"]

1. d4 d5 2. c4 c6 3. Nf3 Nf6 4. Nc3 e6 5. Bg5 h6 6. Bxf6 Qxf6 7. e3 g6 8. Bd3
Bg7 9. e4 dxe4 10. Nxe4 Qd8 11. c5 O-O 12. Nd6 Nd7 13. O-O e5 14. Re1 exd4 15.
Qc2 Qa5 16. Rac1 b6 17. Qb1 bxc5 18. Re7 Qd8 19. Rce1 Ne5 20. Nxe5 Qxe7 21.
Nxc8 Rfxc8 22. Nxg6 Qd6 23. Ne7+ Kf8 24. Nxc8 Rxc8 25. Qc2 Re8 26. Rxe8+ Kxe8
27. g3 Bf8 28. b3 Qe6 29. Qd2 Bd6 30. Bc4 Qg6 31. Qe2+ Kf8 32. Qf3 Be7 33. a4
Kg7 34. h4 Bf8 35. Bd3 Qe6 36. Bc4 Qg6 37. Kg2 Qf6 38. Qg4+ Kh8 39. Qe4 Kg7 40.
Kg1 Qg6 41. Qe8 Qf6 42. Qd7 Qf3 43. Qxa7 d3 44. Qd7 Bd6 45. Qxd6 Qd1+ 46. Kg2
d2 47. Qe5+ Kf8 48. Qf6 Qh5 49. Qd8+ 1-0

[Event "ARCTIC CHESS CHALLENGE 2010"]
[Site "SCANDIC TROMSØ"]
[Date "2010.07.31"]
[Round "1"]
[White "Eriksen, Magnus"]
[Black "Urkedal, Frode Olav Olsen"]
[Result "0-1"]
[WhiteElo "1961"]
[BlackElo "2414"]
[PlyCount "60"]
[EventDate "2010.??.??"]

1. e4 c5 2. Nf3 d6 3. d4 cxd4 4. Nxd4 Nf6 5. Nc3 a6 6. Be3 e6 7. Qd2 Be7 8. f3
O-O 9. O-O-O Nc6 10. g4 Nxd4 11. Qxd4 Nd7 12. Qd2 b5 13. Ne2 Bb7 14. Nf4 Rc8
15. Qf2 Qc7 16. h4 Ne5 17. Rh2 b4 18. Kb1 a5 19. Nd3 Nc4 20. Bc1 d5 21. exd5
Bxd5 22. g5 Bxf3 23. Bf4 Qb7 24. Rc1 a4 25. Bg2 Bxg2 26. Rxg2 b3 27. cxb3 axb3
28. a3 Rfd8 29. Rg3 Qe4 30. Re3 Nxe3 0-1

[Event "ARCTIC CHESS CHALLENGE 2010"]
[Site "SCANDIC TROMSØ"]
[Date "2010.07.31"]
[Round "1"]
[White "Ernst, Thomas"]
[Black "Laverton, Christian"]
[Result "1-0"]
[WhiteElo "2430"]
[BlackElo "2007"]
[PlyCount "69"]
[EventDate "2010.??.??"]

1. e4 c5 2. Nf3 e6 3. d4 cxd4 4. Nxd4 Nc6 5. Nb5 d6 6. c4 Nf6 7. N1c3 a6 8. Na3
Be7 9. Be2 O-O 10. O-O b6 11. Be3 Ne5 12. Qb3 Rb8 13. Rfd1 Qc7 14. f3 Ned7 15.
Kh1 Bb7 16. Rac1 Ba8 17. Qc2 Rfd8 18. Bf1 Ne5 19. Qf2 Qb7 20. Nab1 Ng6 21. Na4
Nd7 22. Nbc3 Nc5 23. b4 Nd7 24. a3 Rdc8 25. Nb2 Nde5 26. Nba4 Nd7 27. Rd4 Nge5
28. Rcd1 Rc7 29. b5 a5 30. Rxd6 Bxd6 31. Rxd6 Qc8 32. Nxb6 Nxb6 33. Bxb6 Rd7
34. Rxd7 Qxd7 35. Bxa5 1-0

[Event "ARCTIC CHESS CHALLENGE 2010"]
[Site "SCANDIC TROMSØ"]
[Date "2010.07.31"]
[Round "1"]
[White "Remman, Frank"]
[Black "Ferguson, Mark"]
[Result "0-1"]
[WhiteElo "1911"]
[BlackElo "2387"]
[PlyCount "68"]
[EventDate "2010.??.??"]

1. d4 d5 2. c4 c6 3. Nf3 Nf6 4. Nc3 dxc4 5. a4 Bf5 6. Ne5 Nbd7 7. Nxc4 Qc7 8.
g3 e5 9. dxe5 Nxe5 10. Bf4 Nfd7 11. Bg2 g5 12. Nxe5 gxf4 13. Nxd7 O-O-O 14. Qd4
Qxd7 15. Qxf4 Bd6 16. Qd4 Bc7 17. Qxd7+ Rxd7 18. Rd1 Rhd8 19. O-O Rd2 20. e4
Be6 21. b4 Rxd1 22. Rxd1 Rxd1+ 23. Nxd1 Bb3 24. Nb2 Bd6 25. b5 Ba3 26. Nd3 Bxa4
27. bxc6 Bxc6 28. Ne5 Be8 29. Ng4 Bb2 30. Kf1 a5 31. Ke1 a4 32. Kd2 a3 33. Kc2
Ba4+ 34. Kb1 Bb3 0-1

[Event "ARCTIC CHESS CHALLENGE 2010"]
[Site "SCANDIC TROMSØ"]
[Date "2010.07.31"]
[Round "1"]
[White "Poobalasingam, Peter S"]
[Black "Forså, Elise"]
[Result "1-0"]
[WhiteElo "2326"]
[BlackElo "1693"]
[PlyCount "134"]
[EventDate "2010.??.??"]

1. d4 d5 2. c4 c6 3. Nf3 Nf6 4. e3 e6 5. b3 dxc4 6. bxc4 c5 7. Be2 Nc6 8. O-O
Be7 9. Nc3 cxd4 10. exd4 Bb4 11. Qb3 Bxc3 12. Qxc3 O-O 13. Rd1 Ne7 14. Ne5 Rb8
15. Ba3 Re8 16. Bf3 Qc7 17. Bc5 a6 18. Rab1 Nd7 19. Qa3 Nxc5 20. Qxc5 Qxc5 21.
dxc5 f6 22. Nd7 Bxd7 23. Rxd7 Nc6 24. Rbxb7 Rxb7 25. Rxb7 Ne5 26. c6 Rc8 27.
Rb6 Nxc4 28. Rxa6 Ne5 29. Kf1 Kf8 30. Ke2 Ke7 31. Ra7+ Kf8 32. Ra6 Ke7 33. Ra7+
Kf8 34. c7 Ke7 35. Ke3 Kd6 36. Kd4 Rxc7 37. Rxc7 Kxc7 38. Bd1 Kb6 39. Bb3 Nc6+
40. Kc3 Nd8 41. Kd4 Nc6+ 42. Ke4 Nd8 43. Kf4 Kc5 44. Ke4 Kb4 45. Kd3 Nb7 46.
Kd4 Nd8 47. f4 Nc6+ 48. Ke3 Nd8 49. Bc2 Ka3 50. Bxh7 Kxa2 51. Kd4 Kb3 52. Kc5
Kc3 53. Kd6 Kd4 54. Ke7 e5 55. Kxd8 e4 56. Bxe4 Kxe4 57. Ke7 Kf5 58. Kf7 g5 59.
fxg5 fxg5 60. Kg7 g4 61. Kh6 g3 62. h4 Kf4 63. h5 Ke3 64. Kg7 Kf2 65. h6 Kxg2
66. h7 Kf2 67. h8=Q g2 1-0

[Event "ARCTIC CHESS CHALLENGE 2010"]
[Site "SCANDIC TROMSØ"]
[Date "2010.07.31"]
[Round "1"]
[White "Klip, Hans"]
[Black "Gholami, Armin"]
[Result "1-0"]
[WhiteElo "2366"]
[BlackElo "1836"]
[PlyCount "79"]
[EventDate "2010.??.??"]

1. e4 e6 2. d4 d5 3. Nc3 Nf6 4. Bg5 Be7 5. e5 Nfd7 6. h4 a6 7. Qg4 f6 8. Qh5+
g6 9. exf6 Nxf6 10. Qe2 O-O 11. Nf3 c5 12. dxc5 Nc6 13. O-O-O b5 14. g3 Qa5 15.
Bh3 b4 16. Bxe6+ Kg7 17. Nb1 Bxe6 18. Qxe6 Qxc5 19. Be3 Qd6 20. Qxd6 Bxd6 21.
Nd4 Nxd4 22. Bxd4 Rad8 23. Nd2 Kg8 24. Rhe1 Ng4 25. Re2 Rde8 26. Rde1 Rxe2 27.
Rxe2 a5 28. b3 a4 29. bxa4 Ra8 30. Re6 Bf8 31. Kb1 Kf7 32. Rb6 Bh6 33. Rb7+ Kg8
34. Nb3 Re8 35. a5 Re1+ 36. Kb2 Ne5 37. Bxe5 Rxe5 38. Rxb4 Bg7 39. Nd4 Re1 40.
a6 1-0

[Event "ARCTIC CHESS CHALLENGE 2010"]
[Site "SCANDIC TROMSØ"]
[Date "2010.07.31"]
[Round "1"]
[White "Stokke, Kjetil"]
[Black "Grebstad, Kjell Børre"]
[Result "1-0"]
[WhiteElo "2401"]
[BlackElo "1952"]
[PlyCount "119"]
[EventDate "2010.??.??"]

1. c4 e5 2. g3 Nc6 3. Nc3 Nf6 4. Bg2 Bc5 5. Nf3 d6 6. d3 h6 7. O-O O-O 8. a3 a5
9. e3 Bg4 10. h3 Bd7 11. b3 Re8 12. Bb2 Qc8 13. Kh2 Ne7 14. d4 exd4 15. Nxd4
Nf5 16. Nd5 Nxd5 17. cxd5 Nxd4 18. Bxd4 Bb5 19. Re1 Qf5 20. Ra2 Bxd4 21. Qxd4
Qd3 22. Rd2 Qxd4 23. Rxd4 Re7 24. Rc1 b6 25. g4 f6 26. Be4 Kf7 27. Bf5 Ke8 28.
Kg3 Ra7 29. h4 Bd7 30. Bg6+ Kd8 31. Bd3 Kc8 32. Rdc4 Bb5 33. Bf5+ Bd7 34. Kf4
g5+ 35. Kf3 Bxf5 36. gxf5 Kb7 37. Kg4 b5 38. Rd4 Ra8 39. Kh5 Rg8 40. Rg4 Rh7
41. a4 b4 42. Rcc4 Rgg7 43. Rce4 Kb6 44. Re6 Rf7 45. Re8 Rhg7 46. Rb8+ Ka6 47.
Rh8 gxh4 48. Kxh4 Rg5 49. Rxg5 fxg5+ 50. Kg4 Rf6 51. f3 Kb6 52. Rb8+ Ka7 53.
Rg8 Rf7 54. Rg6 Kb6 55. f6 Kc5 56. Kf5 Kxd5 57. Rg7 Rf8 58. Rxc7 h5 59. Rc4
Rxf6+ 60. Kxf6 1-0

[Event "ARCTIC CHESS CHALLENGE 2010"]
[Site "SCANDIC TROMSØ"]
[Date "2010.07.31"]
[Round "1"]
[White "Søraas, Torben"]
[Black "Gyimesi, Zoltan"]
[Result "0-1"]
[WhiteElo "2139"]
[BlackElo "2598"]
[PlyCount "58"]
[EventDate "2010.??.??"]

1. e4 e5 2. d4 exd4 3. Nf3 Nc6 4. Bc4 Bc5 5. O-O d6 6. c3 Qf6 7. cxd4 Nxd4 8.
Nxd4 Bxd4 9. Nc3 Bxc3 10. bxc3 Ne7 11. Rb1 O-O 12. f4 b6 13. Qd4 Qxd4+ 14. cxd4
Bb7 15. Ba3 Bxe4 16. Rbe1 Bd5 17. Rxe7 Bxc4 18. Rc1 d5 19. Rxc7 Rfe8 20. Be7 b5
21. a3 a5 22. Re1 h5 23. Re5 b4 24. axb4 a4 25. Rg5 a3 26. Bf6 g6 27. f5 a2 28.
fxg6 a1=Q+ 29. Kf2 Qe1+ 0-1

[Event "ARCTIC CHESS CHALLENGE 2010"]
[Site "SCANDIC TROMSØ"]
[Date "2010.07.31"]
[Round "1"]
[White "Hansen, Torbjørn R"]
[Black "Savola, Ari"]
[Result "1-0"]
[WhiteElo "2419"]
[BlackElo "1970"]
[PlyCount "79"]
[EventDate "2010.??.??"]

1. e4 e6 2. d4 d5 3. Nd2 Nf6 4. e5 Nfd7 5. Bd3 c5 6. c3 Nc6 7. Ne2 cxd4 8. cxd4
Qb6 9. Nf3 Be7 10. O-O f6 11. exf6 Bxf6 12. Rb1 O-O 13. Ng5 Bxg5 14. Bxg5 Nb4
15. Nc3 Nxd3 16. Qxd3 Nf6 17. Rfe1 Bd7 18. Bxf6 Rxf6 19. Re2 Rc8 20. Rd2 Rcf8
21. Re1 a6 22. h3 Rf4 23. Re3 Rc8 24. Rg3 Qd6 25. Rg5 Qf8 26. Qg3 Qf6 27. Rxg7+
Qxg7 28. Qxf4 Be8 29. Re2 Bf7 30. Re5 Kh8 31. Rg5 Bg6 32. Qe3 Qf6 33. Rg3 Rc4
34. Rf3 Bf5 35. g4 Qg7 36. Kf1 Bg6 37. Qxe6 h5 38. gxh5 Bxh5 39. Rg3 Qf7 40.
Qh6+ 1-0

[Event "ARCTIC CHESS CHALLENGE 2010"]
[Site "SCANDIC TROMSØ"]
[Date "2010.07.31"]
[Round "1"]
[White "Haugsdal, Arn Tore"]
[Black "Shoker, Samy"]
[Result "0-1"]
[WhiteElo "2079"]
[BlackElo "2472"]
[PlyCount "56"]
[EventDate "2010.??.??"]

1. e4 d6 2. d4 g6 3. h4 Nf6 4. Nc3 Bg7 5. Bg5 h6 6. Bxf6 Bxf6 7. h5 g5 8. Nd5
Bg7 9. c3 O-O 10. Bd3 c5 11. Ne2 Nc6 12. Bc2 e6 13. Qd3 c4 14. Qxc4 exd5 15.
exd5 Ne7 16. Ng3 f5 17. O-O-O b6 18. Rhe1 Bb7 19. Qe2 Rf7 20. c4 Rc8 21. Kb1
Qc7 22. b3 f4 23. Qe6 Bxd5 24. Qe2 fxg3 25. fxg3 b5 26. cxd5 Nxd5 27. Qd3 Nc3+
28. Kb2 Nxd1+ 0-1

[Event "ARCTIC CHESS CHALLENGE 2010"]
[Site "SCANDIC TROMSØ"]
[Date "2010.07.31"]
[Round "1"]
[White "Hegelund, Ole Jakob"]
[Black "L`Ami, Alina"]
[Result "0-1"]
[WhiteElo "1689"]
[BlackElo "2323"]
[PlyCount "68"]
[EventDate "2010.??.??"]

1. e4 c5 2. Nf3 d6 3. d4 cxd4 4. Nxd4 Nf6 5. Nc3 a6 6. h3 e6 7. g4 b5 8. Bg2
Bb7 9. a3 Nfd7 10. Nde2 Be7 11. Bf4 Ne5 12. Bxe5 dxe5 13. Qd3 Qxd3 14. cxd3 Nc6
15. O-O O-O 16. b4 Rfd8 17. Rfd1 Nd4 18. Bf1 g6 19. Nxd4 exd4 20. Ne2 a5 21.
Rdb1 Bc6 22. a4 Bxb4 23. axb5 Bxb5 24. Nc1 Be8 25. Na2 Bf8 26. f4 Rab8 27. Be2
a4 28. Bd1 a3 29. Bb3 Rb6 30. Nc1 Rdb8 31. Bc2 Rb2 32. e5 Ba4 33. Rxb2 axb2 34.
Rb1 Bxc2 0-1

[Event "ARCTIC CHESS CHALLENGE 2010"]
[Site "SCANDIC TROMSØ"]
[Date "2010.07.31"]
[Round "1"]
[White "Houska, Jiri"]
[Black "Van Wely, Loek"]
[Result "0-1"]
[WhiteElo "2183"]
[BlackElo "2677"]
[PlyCount "56"]
[EventDate "2010.??.??"]

1. e4 c5 2. Nf3 e6 3. d4 cxd4 4. Nxd4 Nf6 5. Nc3 d6 6. Be2 a6 7. a4 Nc6 8. Be3
Be7 9. O-O O-O 10. f4 Qc7 11. Kh1 Re8 12. Bf3 Rb8 13. g4 Nd7 14. g5 b6 15. Nxc6
Qxc6 16. Bg2 Bb7 17. Qh5 b5 18. axb5 axb5 19. Rf3 b4 20. Rh3 Nf8 21. Nd5 exd5
22. f5 d4 23. Bxd4 Qxc2 24. g6 fxg6 25. fxg6 h6 26. Rf1 Bg5 27. Rg3 Ne6 28.
Bxg7 Kxg7 0-1